[Event "Yerevan (ol)"]
[Site "?"]
[Date "1996.??.??"]
[Round "?"]
[White "Kotronias, V."]
[Black "Huebner, R."]
[Result "1/2-1/2"]
[WhiteElo "2615"]
[BlackElo "2595"]
[PlyCount "84"]
[EventDate "1996.??.??"]
[Source "ChessBase"]
[SourceDate "1996.06.01"]

1. e4 e5 2. Nf3 Nc6 3. Bb5 a6 4. Ba4 d6 5. Bxc6+ bxc6 6. d4 f6 7. Nc3 Ne7 8. Be3 Ng6 9. Qd3 Be7 10. h4 h5 11. O-O-O a5 12. Qc4 Bd7 13. dxe5 fxe5 14. Ng5 Bxg5 15. Bxg5 Qb8 16. a3 Qb7 17. f4 Qa6 18. Qxa6 Rxa6 19. f5 Nf8 20. Rd3 Nh7 21. Nd1 c5 22. Nf2 Bc6 23. Re3 Kf7 24. Rg1 Raa8 25. g4 hxg4 26. Rxg4 Rag8 27. Reg3 Nxg5 28. hxg5 g6 29. Kd2 Bd7 30. Rf3 Rh5 31. fxg6+ Ke7 32. Rg1 Rxg6 33. Rfg3 Be6 34. Nd1 Rh4 35. Nf2 c6 36. Rh1 Rxh1 37. Nxh1 d5 38. b3 d4 39. Nf2 c4 40. bxc4 Bxc4 41. Nd3 Kd6 42. c3 c5 1/2-1/2

[Event "Subotica YUG"]
[Site "Subotica YUG"]
[Date "1987.??.??"]
[Round "?"]
[White "Short, Nigel D"]
[Black "Smyslov, Vassily V"]
[Result "1-0"]
[WhiteElo "2615"]
[BlackElo "2550"]
[PlyCount "24"]
[EventDate "1987.??.??"]
[Source "www.chesslib.no"]
[SourceDate "2004.05.04"]

1. e4 e5 2. Nf3 Nc6 3. Bb5 a6 4. Ba4 d6 5. Bxc6+ bxc6 6. d4 f6 7. Be3 Ne7 8. Nc3 Ng6 9. Qe2 a5 10. h4 Ba6 11. Qd2 h5 12. O-O-O Qc8 1-0

[Event "Sioux Falls op"]
[Site "?"]
[Date "1998.??.??"]
[Round "?"]
[White "Benjamin Joel"]
[Black "Ziatdinov Raset"]
[Result "1-0"]
[WhiteElo "2595"]
[BlackElo "2515"]
[PlyCount "89"]
[EventDate "1998.??.??"]
[Source "www.chesslib.no"]
[SourceDate "2004.05.04"]

1. e4 e5 2. Nf3 Nc6 3. Bb5 a6 4. Ba4 d6 5. Bxc6+ bxc6 6. d4 f6 7. Nc3 g6 8. Qd3 Bg7 9. Be3 Nh6 10. Qc4 Bd7 11. h4 Ng4 12. h5 Nxe3 13. fxe3 g5 14. h6 Bf8 15. O-O-O Qe7 16. Rdf1 Qe6 17. d5 Qg8 18. Qb3 c5 19. Qb7 Rc8 20. Qxa6 Qg6 21. Qb7 Bxh6 22. Nb5 g4 23. Nh4 Qxe4 24. Nxc7+ Kd8 25. Nb5 Bxb5 26. Qxb5 Bxe3+ 27. Kb1 Qb4 28. Qa6 c4 29. Rxf6 Kc7 30. c3 Qb6 31. Qxc4+ Kb8 32. Qb3 Qxb3 33. axb3 Rcf8 34. Rxd6 Bf2 35. Re6 Bg3 36. c4 Rhg8 37. c5 Rf2 38. b4 Rgf8 39. Ka2 Rd2 40. Rb6+ Kc8 41. d6 e4 42. Nf5 Rxf5 43. Rxh7 Bxd6 44. cxd6 Rc2 45. d7+ 1-0

[Event "Dresden (zt) 72/321"]
[Site "?"]
[Date "1998.??.??"]
[Round "?"]
[White "Sutovskij, Emil"]
[Black "Sermek, Drazen"]
[Result "1-0"]
[WhiteElo "2595"]
[BlackElo "2510"]
[PlyCount "93"]
[EventDate "1998.??.??"]
[Source "ChessBase"]
[SourceDate "1998.02.01"]

1. e4 e5 2. Nf3 Nc6 3. Bb5 a6 4. Ba4 d6 5. Bxc6+ bxc6 6. d4 f6 7. Nh4 Ne7 8. O-O Be6 9. dxe5 dxe5 10. Qf3 Qc8 11. Qc3 Ng6 12. Nf5 Qb7 13. Rd1 Bb4 14. Qh3 Kf7 15. Nc3 Bxc3 16. Qxc3 Rhd8 17. Be3 Qb5 18. Ng3 Nf4 19. b3 Ne2+ 20. Nxe2 Qxe2 21. Re1 Qb5 22. a4 Qb7 23. Rad1 c5 24. Rxd8 Rxd8 25. Bxc5 Qc6 26. h3 g5 27. Kh2 h5 28. Re3 Kg6 29. Rf3 Qe8 30. Qa5 g4 31. Rc3 Rd1 32. Qxc7 Qa8 33. Qe7 Qc6 34. Be3 g3+ 35. Kxg3 Qxc3 36. Qxe6 Rd8 37. Qf5+ Kf7 38. Qxh5+ Ke7 39. Qh7+ Ke6 40. Qb7 Rd6 41. h4 Qxc2 42. h5 Rc6 43. Qh7 Rc8 44. Qf5+ Ke7 45. b4 Rg8+ 46. Kh2 Rxg2+ 47. Kxg2 1-0

[Event "Russia"]
[Site "?"]
[Date "2004.??.??"]
[Round "?"]
[White "Galkin, A."]
[Black "Yandemirov, V."]
[Result "1/2-1/2"]
[WhiteElo "2600"]
[BlackElo "2490"]
[PlyCount "39"]
[EventDate "2004.??.??"]
[Source "Chess Informant"]
[SourceDate "2004.02.01"]

1. e4 e5 2. Nf3 Nc6 3. Bb5 a6 4. Ba4 d6 5. Bxc6+ bxc6 6. d4 f6 7. Be3 Ne7 8. Nc3 Ng6 9. Qe2 Be7 10. O-O-O Be6 11. h4 h5 12. dxe5 fxe5 13. Ng5 Bxg5 14. Bxg5 Qb8 15. g3 Qb4 16. a3 Qb7 17. Kb1 Rb8 18. Bc1 Ne7 19. Qe3 Qb6 20. Qxb6 1/2-1/2

[Event "Santa Clara"]
[Site "Santa Clara"]
[Date "1991.??.??"]
[Round "9"]
[White "Hernandez, Gilberto"]
[Black "Arencibia, Walter"]
[Result "1/2-1/2"]
[WhiteElo "2525"]
[BlackElo "2560"]
[PlyCount "114"]
[EventDate "1991.02.??"]
[Source "ChessBase"]

1. e4 e5 2. Nf3 Nc6 3. Bb5 a6 4. Ba4 d6 5. Bxc6+ bxc6 6. d4 f6 7. Nc3 Ne7 8. Be3 Ng6 9. Qd2 Be7 10. O-O-O Bd7 11. h4 h5 12. Kb1 a5 13. dxe5 fxe5 14. Ng5 Bf6 15. g3 Qe7 16. Ka1 Rb8 17. Qd3 Bxg5 18. Bxg5 Qf7 19. Rdf1 O-O 20. f4 exf4 21. gxf4 Bg4 22. a3 Rb6 23. Rhg1 Rfb8 24. Na4 Rb5 25. Qc3 c5 26. e5 Qd5 27. Re1 dxe5 28. fxe5 Be6 29. Kb1 Rf8 30. Bf6 Bg4 31. Qe3 Qd4 32. Nc3 Rb7 33. Bg5 Rfb8 34. b3 Qc4 35. Rxg4 hxg4 36. Kc1 Qd4 37. h5 Nf8 38. e6 Re8 39. e7 Qxe3+ 40. Rxe3 Nh7 41. Bh4 Nf6 42. h6 Rb6 43. hxg7 Kxg7 44. Rg3 Kf7 45. Bxf6 Rxf6 46. Rxg4 Rf1+ 47. Kb2 Kxe7 48. Ra4 Ra8 49. Nd5+ Kd7 50. Ne3 Rf6 51. Nc4 Rf2 52. Kc3 Kc6 53. Kb2 Kb5 54. Kb1 Rf6 55. Ka2 Rf2 56. Kb1 Rh2 57. Kb2 Rg2 1/2-1/2

[Event "It (Open) Calvi FRA"]
[Site "?"]
[Date "2006.02.??"]
[Round "4.1"]
[White "Iordachescu Viorel"]
[Black "Flear Glenn C"]
[Result "1-0"]
[WhiteElo "2592"]
[BlackElo "2470"]
[PlyCount "89"]
[EventDate "2006.??.??"]
[Source "www.chesslib.no"]
[SourceDate "2004.05.04"]

1. e4 e5 2. Nf3 Nc6 3. Bb5 a6 4. Ba4 d6 5. Bxc6+ bxc6 6. d4 f6 7. Nc3 Ne7 8. Qd3 Ng6 9. h4 h5 10. dxe5 fxe5 11. Ng5 Be7 12. g3 Qd7 13. f3 a5 14. Ne2 Bxg5 15. hxg5 Ba6 16. c4 h4 17. g4 Qf7 18. b3 O-O 19. O-O d5 20. exd5 cxd5 21. Ba3 dxc4 22. Qe4 Rfe8 23. bxc4 Bxc4 24. Rac1 Bxe2 25. Qxe2 Nf4 26. Qc4 Re6 27. Rfe1 Rd8 28. Rcd1 Rd4 29. Qb3 Nh3+ 30. Kg2 Nxg5 31. Bc1 Red6 32. Rxd4 Nxf3 33. Qxf7+ Kxf7 34. Kxf3 exd4 35. Bf4 Rf6 36. g5 Rc6 37. Kg4 Rc2 38. Kxh4 Rxa2 39. Rc1 Re2 40. Rxc7+ Re7 41. Rc6 Re6 42. Rc4 Ra6 43. Rxd4 a4 44. Rd7+ Kg8 45. Kh5 1-0

[Event "Geneve op"]
[Site "Geneve"]
[Date "1995.??.??"]
[Round "8"]
[White "Wahls, Matthias"]
[Black "Klovans, Janis"]
[Result "1/2-1/2"]
[WhiteElo "2555"]
[BlackElo "2500"]
[PlyCount "33"]
[EventDate "1995.??.??"]
[Source "ChessBase"]

1. e4 e5 2. Nf3 Nc6 3. Bb5 a6 4. Ba4 d6 5. Bxc6+ bxc6 6. d4 f6 7. Be3 Ne7 8. Nc3 Ng6 9. Qd3 Be7 10. h4 h5 11. Qc4 Bd7 12. O-O-O a5 13. dxe5 Nxe5 14. Nxe5 fxe5 15. g3 Bf6 16. f4 Qe7 17. f5 1/2-1/2

[Event "Bor"]
[Site "Bor"]
[Date "1985.??.??"]
[Round "3"]
[White "Campora, Daniel H"]
[Black "Psakhis, Lev B"]
[Result "1/2-1/2"]
[WhiteElo "2485"]
[BlackElo "2555"]
[PlyCount "54"]
[EventDate "1985.??.??"]
[Source "www.chesslib.no"]
[SourceDate "2004.05.04"]

1. e4 e5 2. Nf3 Nc6 3. Bb5 a6 4. Ba4 d6 5. Bxc6+ bxc6 6. d4 f6 7. O-O Ne7 8. Re1 Ng6 9. Qd3 Bg4 10. Nbd2 Be7 11. Nb3 Qd7 12. h3 Be6 13. c4 exd4 14. Nfxd4 Ne5 15. Qc3 Bf7 16. Na5 O-O 17. f4 c5 18. Nf5 Ng6 19. Qg3 Bd8 20. h4 h5 21. Bd2 Rb8 22. Bc3 c6 23. Nxg7 Kxg7 24. f5 Bc7 25. fxg6 Bxg6 26. Nb3 Rbe8 27. Rad1 Rf7 1/2-1/2

[Event "Minsk op"]
[Site "Minsk"]
[Date "1997.??.??"]
[Round "6"]
[White "Berelovich, Aleksandar"]
[Black "Sulskis, Sarunas"]
[Result "1/2-1/2"]
[WhiteElo "2495"]
[BlackElo "2525"]
[PlyCount "54"]
[EventDate "1997.??.??"]
[Source "www.chesslib.no"]
[SourceDate "2004.05.04"]

1. e4 e5 2. Nf3 Nc6 3. Bb5 a6 4. Ba4 d6 5. Bxc6+ bxc6 6. d4 f6 7. Nc3 Ne7 8. Qd3 Be6 9. Be3 Qb8 10. O-O Ng6 11. Rfd1 Be7 12. d5 cxd5 13. Nxd5 Kf7 14. c4 Rd8 15. b4 Qb7 16. a4 Bf8 17. b5 Ne7 18. a5 c6 19. bxc6 Qxc6 20. Rdb1 Rdc8 21. Nd2 Rcb8 22. Rb6 Qc8 23. Rb4 Rb7 24. Rab1 Rxb4 25. Rxb4 Nxd5 26. cxd5 Bd7 27. h3 Be7 1/2-1/2

[Event "Santiago Open"]
[Site "Santiago CHI"]
[Date "1995.??.??"]
[Round "?"]
[White "Spraggett, Kevin B"]
[Black "Strikovic, Aleksa"]
[Result "0-1"]
[WhiteElo "2520"]
[BlackElo "2485"]
[PlyCount "92"]
[EventDate "1995.??.??"]
[Source "www.chesslib.no"]
[SourceDate "2004.05.04"]

1. e4 e5 2. Nf3 Nc6 3. Bb5 a6 4. Ba4 d6 5. Bxc6+ bxc6 6. d4 f6 7. Be3 g6 8. Nc3 Nh6 9. h3 Nf7 10. Qd2 Bg7 11. dxe5 fxe5 12. Ng5 O-O 13. h4 Nxg5 14. Bxg5 Bf6 15. f3 Be6 16. O-O-O Rb8 17. b3 Qe7 18. Kb2 c5 19. Nd5 Bxd5 20. Qxd5+ Kg7 21. Bd2 Bxh4 22. Ba5 Bg5 23. Qc6 Rbc8 24. a4 h5 25. Rd3 Qe8 26. Qxe8 Rfxe8 27. c3 Kf7 28. Rhd1 Ke6 29. Kc2 Be7 30. Re3 c4 31. bxc4 c5 32. Bb6 g5 33. a5 Rg8 34. Rh1 h4 35. g4 hxg3 36. Rh6+ Bf6 37. Rh3 Rh8 38. Rxg3 Rh2+ 39. Kd3 Rch8 40. Re2 Rh1 41. Reg2 Rd1+ 42. Rd2 Rf1 43. Rb2 g4 44. fxg4 Bg5 45. Kc2 Re1 46. Kb3 Rxe4 0-1

[Event "Samara (Russia)"]
[Site "?"]
[Date "2003.??.??"]
[Round "9"]
[White "Khairullin Ildar"]
[Black "Yandemirov Valeri"]
[Result "1/2-1/2"]
[WhiteElo "2514"]
[BlackElo "2488"]
[PlyCount "37"]
[EventDate "2003.??.??"]
[Source "www.chesslib.no"]
[SourceDate "2004.05.04"]

1. e4 e5 2. Nf3 Nc6 3. Bb5 a6 4. Ba4 d6 5. Bxc6+ bxc6 6. d4 f6 7. Be3 Ne7 8. Nc3 Ng6 9. Qe2 Be6 10. O-O-O Be7 11. h4 h5 12. dxe5 fxe5 13. Ng5 Bxg5 14. Bxg5 Qb8 15. g3 Qb4 16. a3 Qb7 17. f4 Bg4 18. Qc4 a5 19. Rd2 1/2-1/2

[Event "Frisco Masters op"]
[Site "San Francisco"]
[Date "2000.04.01"]
[Round "3"]
[White "Cela, Altin"]
[Black "Ziatdinov, Raset"]
[Result "0-1"]
[WhiteElo "2527"]
[BlackElo "2473"]
[PlyCount "56"]
[EventDate "2000.03.31"]
[Source "www.chesslib.no"]
[SourceDate "2004.05.04"]

1. e4 e5 2. Nf3 Nc6 3. Bb5 a6 4. Ba4 d6 5. Bxc6+ bxc6 6. d4 f6 7. Nc3 g6 8. Qd3 Nh6 9. dxe5 fxe5 10. h4 Nf7 11. h5 g5 12. Nd1 Be7 13. Ne3 Be6 14. g4 d5 15. Bd2 Qd7 16. O-O-O d4 17. Nc4 Bf6 18. Bb4 c5 19. Ba3 Qb5 20. Nfd2 Bxg4 21. Rdg1 Be6 22. b3 Nd6 23. h6 Rf8 24. Rh5 Nxc4 25. bxc4 Qa5 26. Qb3 Be7 27. Qg3 Rb8 28. Kd1 Qc3 0-1

[Event "Solin"]
[Site "Solin"]
[Date "1996.??.??"]
[Round "9"]
[White "Lutz, Christopher"]
[Black "Sale, Srdjan"]
[Result "0-1"]
[WhiteElo "2555"]
[BlackElo "2440"]
[PlyCount "122"]
[EventDate "1996.??.??"]
[Source "www.chesslib.no"]
[SourceDate "2004.05.04"]

1. e4 e5 2. Nf3 Nc6 3. Bb5 a6 4. Ba4 d6 5. Bxc6+ bxc6 6. d4 f6 7. Nc3 Ne7 8. Be3 Ng6 9. Qe2 Be7 10. O-O-O a5 11. h4 Ba6 12. Qd2 h5 13. dxe5 fxe5 14. Ng5 Qc8 15. g3 Rb8 16. f4 Qg4 17. f5 Nf8 18. Qg2 g6 19. Rde1 gxf5 20. exf5 Kd7 21. Nce4 Qxf5 22. g4 Qxg4 23. Qf2 Bxg5 24. Bxg5 Kc8 25. Qa7 Bb7 26. Rhg1 Qe6 27. Bf6 Rg8 28. Rxg8 Qxg8 29. Qxa5 Ne6 30. Qc3 c5 31. Ng5 Bd5 32. a3 Nd4 33. Bxe5 dxe5 34. Rxe5 Nc6 35. Rf5 Nd4 36. Re5 Nc6 37. Rf5 c4 38. Qd2 Ne7 39. Re5 c3 40. Qxc3 Qf8 41. Ne6 Qh6+ 42. Ng5 Qd6 43. Ne4 Bxe4 44. Rxe4 Rb5 45. b4 Rd5 46. Kb2 Nc6 47. Qf3 Ne5 48. Qc3 Kb7 49. Kb3 Qf6 50. Ka2 Qf5 51. Re1 Qf4 52. Kb1 Nc4 53. Ka2 Qxh4 54. Re6 Qf4 55. Rf6 Qe4 56. Kb3 Nd6 57. a4 h4 58. b5 Rg5 59. Rf3 Qd5+ 60. Ka3 Nc4+ 61. Kb4 Rg4 0-1

[Event "URS-ch otbor"]
[Site "Rostov"]
[Date "1976.??.??"]
[Round "?"]
[White "Gurgenidze, Bukhuti"]
[Black "Klovans, Janis"]
[Result "1-0"]
[WhiteElo "2500"]
[BlackElo "2490"]
[PlyCount "81"]
[EventDate "1976.??.??"]
[Source "ChessBase"]

1. e4 e5 2. Nf3 Nc6 3. Bb5 a6 4. Ba4 d6 5. Bxc6+ bxc6 6. d4 f6 7. Be3 Ne7 8. Nc3 Ng6 9. h4 h5 10. dxe5 Nxe5 11. Nxe5 fxe5 12. Qd3 Be7 13. Qc4 Bd7 14. O-O-O Bf6 15. f4 Qe7 16. fxe5 Qxe5 17. Bd4 Qe6 18. Qe2 Bxd4 19. Rxd4 Qe5 20. Qc4 Rb8 21. Rd2 Rb6 22. Rf1 Be6 23. Qd4 Qxd4 24. Rxd4 Rf8 25. Rxf8+ Kxf8 26. e5 Ke7 27. exd6+ cxd6 28. b3 c5 29. Re4 Kf6 30. Ra4 Ke5 31. g3 Bf5 32. Ne2 Be4 33. Nf4 g6 34. Kd2 d5 35. c3 g5 36. hxg5 h4 37. Nd3+ Bxd3 38. Kxd3 hxg3 39. Rg4 Rg6 40. b4 cxb4 41. cxb4 1-0

[Event "URS Spartakiad"]
[Site "URS"]
[Date "1979.??.??"]
[Round "?"]
[White "Gufeld, Eduard"]
[Black "Vladimirov, Evgeny"]
[Result "1-0"]
[WhiteElo "2530"]
[BlackElo "2445"]
[PlyCount "55"]
[EventDate "1979.??.??"]
[Source "ChessBase"]

1. e4 e5 2. Nf3 Nc6 3. Bb5 a6 4. Ba4 d6 5. Bxc6+ bxc6 6. d4 f6 7. Be3 Ne7 8. Nc3 Be6 9. Qd3 Nc8 10. O-O-O Nb6 11. Nd2 Be7 12. d5 cxd5 13. Bxb6 cxb6 14. Nxd5 b5 15. Nf1 Kf7 16. Nfe3 Re8 17. g3 Qa5 18. Kb1 Rec8 19. f4 Kf8 20. Rhf1 Rc6 21. g4 Rac8 22. g5 fxg5 23. fxe5+ Ke8 24. a3 dxe5 25. Nxe7 Kxe7 26. Nd5+ Ke8 27. Qf3 Bxd5 28. Qf8+ 1-0

[Event "Nice ol (Men)"]
[Site "Nice FRA"]
[Date "1974.??.??"]
[Round "6"]
[White "Hecht, Hans-Joachim"]
[Black "Calvo Minguez, Ricardo"]
[Result "1/2-1/2"]
[WhiteElo "2515"]
[BlackElo "2460"]
[PlyCount "69"]
[EventDate "1974.06.06"]
[Source "www.chesslib.no"]
[SourceDate "2004.05.04"]

1. e4 e5 2. Nf3 Nc6 3. Bb5 a6 4. Ba4 d6 5. Bxc6+ bxc6 6. d4 f6 7. Be3 Ne7 8. Nc3 Ng6 9. h4 h5 10. Qd3 Be6 11. O-O-O Qc8 12. dxe5 dxe5 13. Nd2 a5 14. Na4 Qa6 15. Qxa6 Rxa6 16. Nb3 Bxb3 17. axb3 Nf4 18. Bc5 Ne6 19. Bxf8 Rxf8 20. g3 Rf7 21. Rd3 Ra8 22. Rc3 Ra6 23. Rd1 Re7 24. Nc5 Nxc5 25. Rxc5 Rd7 26. f4 Rxd1+ 27. Kxd1 exf4 28. gxf4 a4 29. b4 a3 30. bxa3 Rxa3 31. Rxc6 Kd7 32. Rc5 Re3 33. e5 fxe5 34. Rxe5 Rxe5 35. fxe5 1/2-1/2

[Event "FRG Ch int"]
[Site "Berlin West"]
[Date "1971.??.??"]
[Round "?"]
[White "Matanovic, Aleksandar"]
[Black "Westerinen, Heikki M J"]
[Result "0-1"]
[WhiteElo "2520"]
[BlackElo "2450"]
[PlyCount "96"]
[EventDate "1971.09.??"]
[Source "www.chesslib.no"]
[SourceDate "2004.05.04"]

1. e4 e5 2. Nf3 Nc6 3. Bb5 a6 4. Ba4 d6 5. Bxc6+ bxc6 6. d4 f6 7. Be3 a5 8. Qd2 Ne7 9. Nc3 Ng6 10. h4 h5 11. dxe5 Nxe5 12. Nxe5 fxe5 13. Bg5 Be7 14. O-O-O Be6 15. f4 exf4 16. Qxf4 Bxg5 17. hxg5 Rf8 18. Qe3 Bg4 19. Rde1 Qe7 20. Nd1 Rb8 21. Nf2 Rb5 22. Nxg4 hxg4 23. Kb1 Qxg5 24. Qa7 Kd7 25. b3 Rc5 26. e5 Rxe5 27. Qd4 Qf4 28. Qc3 Qb4 29. Qg3 Rfe8 30. Rxe5 Rxe5 31. a4 Kc8 32. Qf2 Kb7 33. Kb2 d5 34. Rd1 Re4 35. Rd3 Qe7 36. Qg3 Qf6+ 37. Kb1 Qf1+ 38. Kb2 Re1 39. Qxg4 Rb1+ 40. Kc3 Qe1+ 41. Rd2 Qe3+ 42. Rd3 Qe1+ 43. Rd2 Qe3+ 44. Rd3 Qc5+ 45. Kd2 Rg1 46. Re3 d4 47. Rg3 Qb4+ 48. Kd3 Re1 0-1

[Event "Sonnevanck"]
[Site "Wijk aan Zee"]
[Date "1992.??.??"]
[Round "5"]
[White "Kotronias, Vasilios"]
[Black "Blees, Albert"]
[Result "1/2-1/2"]
[WhiteElo "2550"]
[BlackElo "2415"]
[PlyCount "79"]
[EventDate "1992.??.??"]
[Source "ChessBase"]

1. e4 e5 2. Nf3 Nc6 3. Bb5 a6 4. Ba4 d6 5. Bxc6+ bxc6 6. d4 f6 7. Nc3 g6 8. Qd3 Bg7 9. Qc4 Qd7 10. dxe5 fxe5 11. Ng5 Rb8 12. f4 h6 13. Nf3 exf4 14. Bxf4 Ne7 15. O-O Qe6 16. Qd3 O-O 17. Nd4 Qg4 18. Be3 Bd7 19. Qxa6 d5 20. Qa3 Be5 21. Nf3 Bd6 22. Bc5 dxe4 23. Nxe4 Qxe4 24. Bxd6 cxd6 25. Rae1 Rxf3 26. Rxe4 Rxa3 27. bxa3 Nd5 28. c4 Bf5 29. Ree1 Nf6 30. h3 h5 31. Re7 Ra8 32. Rf3 Ra4 33. Rb3 Kf8 34. Rbb7 Nd7 35. Rexd7 Bxd7 36. Rxd7 Rxc4 37. Rxd6 Kf7 38. Kf2 Rc3 39. a4 Ra3 40. Rxc6 1/2-1/2

[Event "Leon"]
[Site "Leon"]
[Date "1991.??.??"]
[Round "?"]
[White "De la Villa Garcia, Jesus Maria"]
[Black "Bass, Leonid"]
[Result "1/2-1/2"]
[WhiteElo "2470"]
[BlackElo "2495"]
[PlyCount "50"]
[EventDate "1991.06.??"]
[Source "ChessBase"]

1. e4 e5 2. Nf3 Nc6 3. Bb5 a6 4. Ba4 d6 5. Bxc6+ bxc6 6. d4 f6 7. Be3 Ne7 8. Nc3 Ng6 9. h4 h5 10. Qe2 Be7 11. dxe5 fxe5 12. Ng5 Bg4 13. f3 Bd7 14. g3 Qb8 15. O-O-O Qb7 16. Qc4 Bxg5 17. hxg5 Rb8 18. b3 Qb4 19. Qxb4 Rxb4 20. f4 Bg4 21. Rd2 exf4 22. gxf4 O-O 23. Rf1 Rbb8 24. Rdf2 Rbe8 25. Kd2 Nh4 1/2-1/2

[Event "Halkida op"]
[Site "?"]
[Date "1996.??.??"]
[Round "?"]
[White "Cela Altin"]
[Black "Sturua Zurab"]
[Result "1-0"]
[WhiteElo "2415"]
[BlackElo "2540"]
[PlyCount "77"]
[EventDate "1996.??.??"]
[Source "www.chesslib.no"]
[SourceDate "2004.05.04"]

1. e4 e5 2. Nf3 Nc6 3. Bb5 a6 4. Ba4 d6 5. Bxc6+ bxc6 6. d4 f6 7. Nc3 Ne7 8. dxe5 fxe5 9. Bg5 h6 10. Be3 Ng6 11. Qe2 Be6 12. O-O-O Qf6 13. Nd2 Be7 14. g3 O-O 15. h4 Qf7 16. h5 Nh8 17. f4 d5 18. fxe5 Bb4 19. exd5 cxd5 20. Nb3 Bxc3 21. bxc3 Qd7 22. Nc5 Qe7 23. Nxe6 Qxe6 24. Bf4 Nf7 25. Rhe1 Rab8 26. Qd3 Rb5 27. Qg6 Re8 28. Qxe6 Rxe6 29. Rd4 Rc5 30. Kd2 Kf8 31. Rb4 Nd8 32. Rf1 Ke8 33. Rb8 Kd7 34. g4 Re8 35. g5 hxg5 36. Bxg5 Nc6 37. e6+ Rxe6 38. Rf7+ Ne7 39. Rxg7 1-0

[Event "Tungsram"]
[Site "Budapest"]
[Date "1976.??.??"]
[Round "?"]
[White "Westerinen, Heikki MJ"]
[Black "Tatai, Stefano"]
[Result "1-0"]
[WhiteElo "2485"]
[BlackElo "2465"]
[PlyCount "95"]
[EventDate "1976.08.??"]
[Source "ChessBase"]

1. e4 e5 2. Nf3 Nc6 3. Bb5 a6 4. Ba4 d6 5. Bxc6+ bxc6 6. d4 f6 7. Be3 Ne7 8. h4 Bg4 9. Qd3 Qb8 10. Qb3 exd4 11. Nxd4 c5 12. Ne2 Qxb3 13. axb3 Nc6 14. Nf4 Be7 15. f3 Bc8 16. Nc3 Rb8 17. Ncd5 Bd8 18. O-O-O O-O 19. h5 h6 20. Rhe1 Re8 21. Bf2 a5 22. Ne3 Ba6 23. Nfd5 Re5 24. Nf5 Bc8 25. f4 Re8 26. g4 Ra8 27. Nc3 Rb8 28. Re3 Rb4 29. Rde1 Nd4 30. Nd5 Rb7 31. Rd3 Nxf5 32. gxf5 Be7 33. Bxc5 Bd7 34. Bd4 Bd8 35. Rg3 c6 36. Nxf6+ Bxf6 37. Bxf6 Bxf5 38. Reg1 Rxe4 39. Bxg7 Kf7 40. Bxh6 Ke6 41. Bg5 a4 42. bxa4 Rxa4 43. Re1+ Kf7 44. Ra3 Re4 45. Rxe4 Bxe4 46. Ra4 Bf5 47. Ra6 Be4 48. c3 1-0

[Event "Montpellier"]
[Site "Montpellier FRA"]
[Date "1993.??.??"]
[Round "?"]
[White "Renet, Olivier"]
[Black "Anic, Darko"]
[Result "1/2-1/2"]
[WhiteElo "2505"]
[BlackElo "2440"]
[PlyCount "48"]
[EventDate "1993.12.??"]
[Source "www.chesslib.no"]
[SourceDate "2004.05.04"]

1. e4 e5 2. Nf3 Nc6 3. Bb5 a6 4. Ba4 d6 5. Bxc6+ bxc6 6. d4 f6 7. Nc3 Bg4 8. Qd3 Ne7 9. Be3 Qb8 10. O-O-O Qb4 11. a3 Qb7 12. h3 Be6 13. Nd2 Rb8 14. b3 Ng6 15. d5 cxd5 16. exd5 Bd7 17. Nc4 Be7 18. Na5 Qa8 19. Qc4 Bd8 20. a4 Ne7 21. f4 O-O 22. fxe5 fxe5 23. Rhf1 Nf5 24. Bg1 Bb5 1/2-1/2

[Event "15th Open"]
[Site "Leuven"]
[Date "2003.11.11"]
[Round "8"]
[White "Torre, Eugenio"]
[Black "Bagaturov, Giorgi"]
[Result "1-0"]
[WhiteElo "2520"]
[BlackElo "2424"]
[PlyCount "28"]
[EventDate "2003.11.07"]
[Source "Roberto Alvarez"]
[SourceDate "2003.11.17"]

1. e4 e5 2. Nf3 Nc6 3. Bb5 a6 4. Ba4 d6 5. Bxc6+ bxc6 6. d4 f6 7. h3 Ne7 8. O-O Ng6 9. Nc3 Be7 10. d5 c5 11. Be3 O-O 12. g4 Bd7 13. Ne2 Nh8 14. Ng3 Nf7 1-0

[Event "14th Nikea Open"]
[Site "?"]
[Date "2006.??.??"]
[Round "7.4"]
[White "Hakki"]
[Black "Karlovic, Anastazia"]
[Result "1-0"]
[WhiteElo "2447"]
[BlackElo "2495"]
[PlyCount "57"]
[EventDate "2006.??.??"]
[Source "www.chesslib.no"]
[SourceDate "2004.05.04"]

1. e4 e5 2. Nf3 Nc6 3. Bb5 a6 4. Ba4 d6 5. Bxc6+ bxc6 6. d4 f6 7. c4 g6 8. Nc3 Nh6 9. h3 Bg7 10. Be3 Nf7 11. O-O O-O 12. Qd2 exd4 13. Nxd4 c5 14. Nc6 Qe8 15. Na5 Bd7 16. f4 Rb8 17. Rab1 Bc6 18. Nxc6 Qxc6 19. f5 Rfe8 20. Kh1 Rxe4 21. Nxe4 Qxe4 22. fxg6 hxg6 23. b3 Ne5 24. Bf4 Nxc4 25. Qf2 Ne5 26. Bxe5 Qxe5 27. Rbe1 Qd4 28. Qg3 Kh7 29. Rf4 1-0

[Event "Buenos Aires ol (Men)"]
[Site "Buenos Aires ARG"]
[Date "1978.??.??"]
[Round "6"]
[White "Diez del Corral, Jesus"]
[Black "Westerinen, Heikki M J"]
[Result "1/2-1/2"]
[WhiteElo "2490"]
[BlackElo "2450"]
[PlyCount "85"]
[EventDate "1978.10.25"]
[Source "www.chesslib.no"]
[SourceDate "2004.05.04"]

1. e4 e5 2. Nf3 Nc6 3. Bb5 a6 4. Ba4 d6 5. Bxc6+ bxc6 6. d4 f6 7. Be3 g6 8. Qd2 Bg7 9. Nc3 Ne7 10. h4 h6 11. O-O-O Be6 12. Nh2 Qb8 13. f4 Qb4 14. a3 Qb7 15. fxe5 Rb8 16. Na4 fxe5 17. Rhe1 Qb5 18. b3 O-O 19. Nc3 Qa5 20. Kb2 Kh7 21. Rf1 exd4 22. Bxd4 Bxd4 23. Qxd4 c5 24. Qd2 Nc6 25. Rxf8 Rxf8 26. Nf3 c4 27. Nd5 cxb3 28. cxb3 Qxd2+ 29. Rxd2 Bxd5 30. exd5 Ne7 31. Kc3 Rf5 32. Kc4 Kg8 33. b4 Kf7 34. a4 Ke8 35. a5 Kd7 36. Rd4 c6 37. dxc6+ Nxc6 38. Rg4 Rxf3 39. gxf3 Ne5+ 40. Kd5 Nxg4 41. fxg4 Kc7 42. Ke6 Kc6 43. g5 1/2-1/2

[Event "Skopje ol (Men)"]
[Site "Skopje MKD"]
[Date "1972.10.07"]
[Round "10.2"]
[White "Diez del Corral, Jesus"]
[Black "Ciocaltea, Viktor"]
[Result "1/2-1/2"]
[WhiteElo "2470"]
[BlackElo "2470"]
[PlyCount "79"]
[EventDate "1972.09.??"]
[Source "www.chesslib.no"]
[SourceDate "2004.05.04"]

1. e4 e5 2. Nf3 Nc6 3. Bb5 a6 4. Ba4 d6 5. Bxc6+ bxc6 6. d4 f6 7. Be3 Ne7 8. Nc3 Ng6 9. h4 h5 10. Qd3 Be7 11. Qc4 Bd7 12. O-O-O a5 13. dxe5 fxe5 14. Ng5 Bxg5 15. Bxg5 Qc8 16. g3 Qa6 17. Qxa6 Rxa6 18. f4 Bg4 19. Rde1 Ra8 20. Nd1 exf4 21. gxf4 O-O 22. Rhf1 Rae8 23. Nf2 Bc8 24. Nd3 Ba6 25. b3 c5 26. c4 Bb7 27. e5 Bc8 28. Kd2 Bf5 29. exd6 cxd6 30. Rxe8 Rxe8 31. Re1 Kf7 32. Rxe8 Kxe8 33. Nf2 Nf8 34. Nd1 Ne6 35. Ne3 Nd4 36. Nxf5 Nxf5 37. Kd3 Kd7 38. Ke4 Ng3+ 39. Ke3 Nf5+ 40. Kd3 1/2-1/2

[Event "Sochi (Russia)"]
[Site "?"]
[Date "2005.04.20"]
[Round "2"]
[White "Yurtaev Leonid"]
[Black "Gabdrakhmanov Rafail"]
[Result "1-0"]
[WhiteElo "2515"]
[BlackElo "2425"]
[PlyCount "120"]
[EventDate "2005.??.??"]
[Source "www.chesslib.no"]
[SourceDate "2004.05.04"]

1. e4 e5 2. Nf3 Nc6 3. Bb5 a6 4. Ba4 d6 5. Bxc6+ bxc6 6. d4 f6 7. Nc3 Rb8 8. Be3 Qd7 9. b3 Ne7 10. Qe2 exd4 11. Bxd4 Qg4 12. O-O-O Qxg2 13. Rhg1 Qh3 14. Kb1 Qe6 15. Nh4 g5 16. Nf3 Ng6 17. Be3 Ne5 18. Nxe5 Qxe5 19. Qh5+ Kd8 20. Bd4 Qe6 21. h4 g4 22. f4 gxf3 23. Qxf3 Be7 24. Rg7 Rg8 25. Rxh7 Qh3 26. Qf4 Qg4 27. Rg1 Qxg1+ 28. Bxg1 Rxg1+ 29. Kb2 Be6 30. Ne2 Rg4 31. Qf3 Rb4 32. Nf4 Bf5 33. exf5 Rbxf4 34. Qxc6 Rxh4 35. Rxe7 Kxe7 36. Qxc7+ Ke8 37. Qxd6 Re4 38. Qxf6 a5 39. Qc6+ Ke7 40. Qd5 Kf6 41. Qxa5 Rhf4 42. a4 Rxf5 43. Qd8+ Re7 44. a5 Ke6 45. b4 Rd5 46. Qc8+ Kd6 47. Kb3 Rc7 48. Qf8+ Kd7 49. c4 Re5 50. Qf4 Re6 51. b5 Kc8 52. Qf5 Rce7 53. Kb4 Kb8 54. a6 Re5 55. Qf4 R7e6 56. Ka5 Kc8 57. c5 Re4 58. Qf8+ Re8 59. Qf5+ Kc7 60. Qd5 R4e7 1-0